Normal view MARC view
  • Muhamad Hamzah

Entry Personal Name

Number of records used in: 4

001 - CONTROL NUMBER

  • control field: 4063

003 - CONTROL NUMBER IDENTIFIER

  • control field: OSt

005 - DATE AND TIME OF LATEST TRANSACTION

  • control field: 20170512154050.0

008 - FIXED-LENGTH DATA ELEMENTS

  • fixed length control field: 170512|| aca||aabn | a|a d

040 ## - CATALOGING SOURCE

  • Original cataloging agency: OSt
  • Transcribing agency: OSt

100 ## - HEADING--PERSONAL NAME

  • Personal name: Muhamad Hamzah

670 ## - SOURCE DATA FOUND

  • Source citation: Work cat.: (OSt)0: National ICT Conference (2009 : Putrajaya) 4058, Connected government for 1 Malaysia : \b proceedings of the national ICT conference 2009 9-11 June 2009, Putrajaya International Convention Centre /, 2010
Pusat Sumber Maklumat Dato' Haji Sarmin Md Hussin, Akademi Kastam Diraja Malaysia, Melaka
Tel: 06-2331106 | Faks: 06-2313787